Open Data Biblioteca Nacional de Portugal


República Portuguesa: Ministério da Cultura
Biblioteca Nacional de Portugal

Catálogo da BNP: acesso por Identificadores Unívocos
Registos Bibliográficos associados ao registo de autoridade

Etiqueta de registo: 00000cam 2200025 450
001 2085374
003 http://id.bnportugal.gov.pt/bib/catbnp/2085374
010 ## $a978-972-754-268-0
021 ## $aPT$b490778/21
100 ## $a20211119d2021 m y0pory01030103ba
101 1# $apor
102 ## $aPT
105 ## $ay z 000yy
106 ## $ar
200 1# $a O desaparecimento do real$eleitura crítica da linguagem dos mass media$fMarco Caponera$gtrad. Miguel Serras Pereira
210 #9 $a[S.l.]$cFim de Século,$dD.L. 2021
215 ## $a85, [2] p.$d24 cm
675 ## $a316.77$vBN$zpor$3519979
700 #1 $aCaponera,$bMarco$31826344
702 #1 $aPereira,$bMiguel Serras,$f1949-$4730$328318
801 #0 $aPT$bBN$gRPC
856 41 $uhttp://rnod.bnportugal.gov.pt/ImagesBN/winlibimg.aspx?skey=&doc=2085374&img=158444&save=true
900 ## $aBIBNAC$d20211213
966 ## $lBN$mFGMON$sS.C. 156508 V.
966 ## $lBN$mFGMON$sS.C. 156508 V.-D
971 ## $ccsilva$d20211119
972 ## $e0$d20211213$vasantos
973 ## $caalmeid$d20211206

OpendataBNP@bnportugal.pt | Mais informação sobre acesso aos dados BNP